000 00495nam a2200205Ia 4500
008 170918s9999 xx 000 0 und d
020 _a9780439314206
050 _bM168 2001
100 _aMcMullan, Kate
245 _aFluffy goes apple picking /
245 _cKate McMullan.
260 _aNew York :
260 _bScholastic,
260 _c2001
300 _aunpaged :
300 _bcolored illustration ;
300 _c23cm.
440 _aGrowing reader level 3.
500 _a150
999 _c343062
_d343062